[Event "Amsterdam Euwe Memorial"]
[Site "Amsterdam"]
[Date "1996.03.24"]
[Round "3"]
[White "Gelfand, Boris"]
[Black "Seirawan, Yasser"]
[Result "1-0"]
[WhiteElo "2700"]
[BlackElo "2630"]
[Annotator "Hansen,LB"]
[PlyCount "217"]
[EventDate "1996.03.22"]
[EventType "tourn"]
[EventRounds "9"]
[EventCountry "NED"]
[EventCategory "18"]
[SourceTitle "CBM 052"]
[Source "ChessBase"]
[SourceDate "1996.06.01"]
[SourceVersion "1"]
[SourceVersionDate "1996.06.01"]
[SourceQuality "1"]

1. d4 {Endspiel-CD Hecht Schulz,A} Nf6 2. c4 e6 3. Nc3 Bb4 4. Qc2 d5 5. a3
Bxc3+ 6. Qxc3 Ne4 7. Qc2 b6 $5 $146 (7... c5) (7... O-O 8. e3 b6 9. Bd3 Bb7 10.
Nf3 c5 11. O-O Nd7 12. b4 Ndf6 13. dxc5 bxc5 14. Bb2 cxb4 15. axb4 dxc4 16.
Bxc4 $14 {^^ Lautier,J - Piket,J/Amsterdam/1996/}) 8. e3 Bb7 9. cxd5 $6 (9. Bd3
) 9... exd5 10. Bb5+ c6 11. Bd3 c5 12. Ne2 Nd7 13. Nc3 Nxc3 14. bxc3 c4 15. Be2
(15. Bxh7 $2 g6 16. Bxg6 fxg6 17. Qxg6+ Kf8 $17) 15... O-O 16. O-O f5 $1 {
A typical Nimzo-Indian! White wants to open the position for the two bishops
through e3-e4, which Black thematically discourages.} 17. a4 Rf7 18. Bd2 Nf6
19. f3 Qd7 20. Qb1 Re8 21. Bd1 Bc6 22. Bc2 g6 23. Qe1 Nh5 24. Qh4 Qe7 25. Qf2
Qd6 26. Kh1 Rfe7 27. g4 $2 {A serious error. Gelfand must have overlooked
Black s reply. With e3-e4 prevented, Black has a good position, but it would
not be easy for him to improve the position further, if White does nothing.} f4
$1 28. gxh5 fxe3 29. Bxe3 Rxe3 30. hxg6 h6 $1 31. Rae1 Qf4 32. Rxe3 Rxe3 33.
Qd2 Bd7 $17 {Black is a pawn down, but he is still clearly better, since his
pieces coordinate splendidly, while the White pieces lack active posibillities.
} 34. Bd1 Bf5 35. Re1 Rxf3 $1 36. Qxf4 Rxf4 37. Kg2 Be4+ 38. Kg3 Rf6 39. Bg4
Kg7 40. h4 Kxg6 $19 41. Be2 Kg7 42. Bg4 Kf7 43. Be2 Re6 44. Kf4 Bg6 45. Kg3 Ke7
46. Kf2 Bc2 47. Ra1 Kd6 48. Bf3 a5 49. Bg4 Re4 50. Bf3 Rf4 51. Kg3 Rf6 52. Bg4
Be4 53. Re1 Kc6 54. Bh5 Rf8 55. Re2 Rf1 56. Be8+ Kd6 57. Re3 Ke6 58. Bb5 Kf5
59. Bd7+ Kf6 60. Bb5 Rg1+ 61. Kf4 h5 62. Bd7 Ke7 63. Bb5 Kd6 64. Rh3 Rg4+ 65.
Ke3 Bd3 66. Rf3 Re4+ 67. Kf2 Re2+ 68. Kg3 Ke7 69. Rf2 Rxf2 $2 (69... Re1 $19)
70. Kxf2 Bg6 71. Ke3 Be8 {The idea behind the rook exchange, but surprisingly
the pawn ending is a draw!} 72. Bxe8 Kxe8 {Hecht: B-B: rückständiger schwarzer
Mehrbauer, Opposition, Quadratregel, ab Zug 95 D+c-B - D bei guter schwarzer
K-Position} 73. Kd2 $1 (73. Kf4 $2 {Hecht} b5 74. axb5 (74. Ke3 b4 75. cxb4
axb4 76. a5 Kd8 $19) 74... a4) 73... Kd7 74. Kd1 $1 Ke6 75. Ke2 Ke7 (75... Kf5
{Hecht} 76. Kf3 b5 77. axb5 Ke6 78. Ke2 Kd6 79. Kd2 Kc7 80. Kc2 Kb6 81. Kb2
Kxb5 82. Ka3 $10) 76. Ke3 Ke6 77. Ke2 Kd7 78. Kd1 Kc6 79. Kc2 b5 80. axb5+ Kxb5
81. Kb2 Kc6 82. Ka3 Kd6 $2 (82... Kb5 83. Kb2 $10) 83. Ka4 Ke6 84. Kxa5 Kf5 85.
Kb5 Kg4 (85... Ke4 86. Kc5 Kd3 87. Kxd5 Kxc3 88. Ke5 Kb2 89. d5 c3 90. d6 c2
91. d7 c1=Q 92. d8=Q Qe3+ 93. Kf5 Qf3+ 94. Kg6 Qg4+ 95. Qg5 Qe2 96. Qxh5 Qe6+
$10) 86. Kc5 Kxh4 87. Kxd5 Kg4 88. Kc5 h4 89. d5 Kf5 90. d6 Ke6 91. Kc6 h3 92.
d7 h2 93. d8=Q h1=Q+ 94. Kc5 $14 Qg1+ (94... Qf1 {Hecht} 95. Qe8+ $18) 95. Kxc4
{Schulz,A: Das Damenendspiel ist remis, weil der schwarze König in dem Bereich
vor dem Bauern steht.} Qf1+ {Die beste Verteidigung sind andauerende
Schachgebote} 96. Kc5 Qf5+ 97. Kb6 Qf2+ 98. Kb5 Qb2+ 99. Kc4 Qa2+ 100. Kc5 Qa3+
101. Kd4 Qa4+ $6 (101... Qd6+ $1 {Hecht} 102. Qxd6+ Kxd6 $10 {mit Opposition
ist am einfachsten}) 102. Ke3 Qc2 (102... Ke5 $10 {Hecht}) (102... Qa7+ {
Endspiel-CD  Schulz,A: Das evtl. entstehende Bauernendspiel ist nicht zu
fürchten.} 103. Qd4 Qxd4+ 104. Kxd4 Kd6 $10) 103. Qd4 Qc1+ 104. Ke2 Qc2+ 105.
Kf3 Qc1 (105... Qf5+ $10 {Endspiel-CD  Schulz,A: Nichts spricht gegen weitere
Schachgebote}) 106. Qd3 Ke5 (106... Qh1+ $10 {Endspiel-CD}) 107. Ke2 Qf4 108.
Qb5+ Ke6 109. Qc6+ $14 {Black lost on time, the position is an easy draw. A
tragic loss for Seirawan!} (109. Qc6+ {Endspiel-CD} Ke7 $10) 1-0

[Event "Koge op-A"]
[Site "Koge"]
[Date "1997.??.??"]
[Round "6"]
[White "Hillarp Persson, Tiger"]
[Black "Timman, Jan H"]
[Result "0-1"]
[WhiteElo "2445"]
[BlackElo "2625"]
[Annotator "Hansen,LB"]
[PlyCount "67"]
[EventDate "1997.??.??"]
[EventType "swiss"]
[EventRounds "9"]
[EventCountry "DEN"]
[SourceTitle "EXT 2000"]
[Source "ChessBase"]
[SourceDate "1999.11.16"]
[SourceVersion "1"]
[SourceVersionDate "1999.11.16"]
[SourceQuality "1"]

1. d4 Nf6 2. c4 e6 3. Nc3 Bb4 4. Qc2 d5 5. a3 Bxc3+ 6. Qxc3 Ne4 7. Qc2 Nc6 8.
e3 e5 9. cxd5 Qxd5 10. Bc4 Qa5+ 11. b4 Nxb4 12. Qxe4 Nc2+ 13. Ke2 Qe1+ 14. Kf3
Nxa1 15. Bb2 O-O 16. Kg3 Kh8 $1 17. Nf3 $5 Qxh1 18. Ng5 f5 19. Qxe5 Bd7 $1 {
/\20... Rae8} (19... f4+ $2 {Lautier-Timman (Amsterdam 1994, "Schach" 10/94 S.
52)}) 20. Nf7+ (20. d5 Rf6 21. d6 Rg6 $1) 20... Rxf7 21. Bxf7 {/\22.d5} f4+ $1
22. exf4 Qd1 23. f3 (23. h3 Qd3+ 24. Kh2 Qf5 25. Qxf5 Bxf5 26. Bxa1 $19 {
Hillarp-Persson}) 23... Nc2 {/\24... Qe1+} 24. Bc3 Qd3 25. d5 Rg8 26. Kf2 $5
$146 (26. Bxg8 Qg6+ $19) (26. Qxc7 Qf5 (26... Rc8) 27. Bxg8 Kxg8 28. d6 h5 {
Pelletier-Solak (Halle 1995)}) 26... Qa6 $1 $36 27. Bxg8 Qb6+ 28. Ke2 Qg6 $1
29. Kf2 $2 (29. Be6 Qxg2+ 30. Kd1 (30. Kd3 Bb5+ 31. Ke4 Qe2+ 32. Kf5 Ne3+ 33.
Kg5 h6+ 34. Kh4 (34. Kg6 Be8+ 35. Bf7 Qg2+ $19) 34... Qf2+ $19) 30... Ba4 $1
31. Kc1 Ne3 $1 32. Qe4 (32. Bf5 Qf1+) (32. Kb1 Qc2+ 33. Ka1 Qd1+) 32... Qf1+
33. Kb2 (33. Kd2 Nc4+) 33... Nd1+ $19) 29... Kxg8 30. Qxc7 Qb6+ 31. Qxb6 axb6
32. Bb2 b5 33. Ke2 b4 34. a4 0-1

[Event "St Petersburg"]
[Site "St Petersburg"]
[Date "1997.04.26"]
[Round "10"]
[White "Ivanov, Sergey"]
[Black "Sosonko, Gennadi"]
[Result "1-0"]
[WhiteElo "2515"]
[BlackElo "2515"]
[Annotator "Ivanov,Se"]
[PlyCount "117"]
[EventDate "1997.??.??"]
[EventType "tourn"]
[EventRounds "11"]
[EventCountry "RUS"]
[EventCategory "14"]
[SourceTitle "CBM 059"]
[Source "ChessBase"]
[SourceDate "1997.08.01"]
[SourceVersion "1"]
[SourceVersionDate "1997.08.01"]
[SourceQuality "1"]

1. d4 Nf6 2. c4 e6 3. Nc3 Bb4 4. Qc2 d5 5. a3 Bxc3+ 6. Qxc3 Ne4 7. Qc2 Nc6 (
7... c5) (7... e5) (7... O-O) 8. e3 e5 9. cxd5 (9. f3 Nf6 10. cxd5 Qxd5 11. Bc4
Qd6) 9... Qxd5 10. Nf3 (10. Bc4 Qa5+ 11. b4 Nxb4 12. Qxe4 Nc2+ 13. Ke2 Qe1+ 14.
Kf3 Nxa1 15. Bb2 O-O $13) 10... Qa5+ (10... exd4 $2 11. Bc4 Qf5 (11... Qa5+ 12.
b4 $18) 12. Bd3 Qa5+ 13. b4 Nxb4 14. axb4 Qxa1 15. Bxe4 dxe3 16. O-O exf2+ 17.
Qxf2 $18 {Horowitz - Dake, USA, 1933}) (10... Bf5 11. Bd3 (11. Bc4 Qa5+ 12. b4
Nxb4 13. axb4 Qxa1 $13) 11... exd4 (11... Qa5+ 12. b4 Nxb4 13. axb4 Qxa1 14.
O-O $16) 12. Nh4 $5 g6 (12... dxe3 13. Nxf5 (13. Bxe3 g6 $44) 13... Nxf2 14.
Bc4 Qa5+ 15. b4 Nxb4 16. axb4 Qxa1 17. O-O $1 $18) (12... Nxf2 $5 13. Nxf5 (13.
Kxf2 $2 dxe3+ 14. Kxe3 Qd4+ $17) 13... Nxh1 (13... Nxd3+ 14. Qxd3 Ne5 15. Nxg7+
(15. Qxd4 $2 Nd3+ 16. Ke2 (16. Kd2 Qxf5 17. Qxd3 $4 Rd8 $19) 16... Nxc1+ 17.
Raxc1 Qxf5 $13) (15. Qc2 $2 d3 16. Qxc7 (16. Qf2 d2+ $1) 16... d2+ $1 17. Bxd2
Nd3+ 18. Ke2 Qxf5 $13) 15... Kf8 16. Qxd4 Nd3+ (16... Qxg2 17. Qc5+ $1 Kg8 18.
Qxe5 Qxh1+ 19. Kf2 $16) 17. Kd2 Qxd4 (17... Qxg2+ 18. Kxd3 Qxh1 19. Ne6+ $18) (
17... Rd8 18. Qxd5 (18. Ne6+ fxe6 19. Qxh8+ Ke7 20. Qxh7+ Ke8 $13) 18... Rxd5
19. e4 Rd7 20. Nf5 Nf2+ 21. Ke2 Nxh1 22. Bh6+ $16) 18. exd4 Nxc1 19. Raxc1 Kxg7
20. Rxc7 $16) 14. Nxg7+ Kf8 15. e4 Qe5 16. Nf5 Qxh2 17. Bh6+ (17. Qc5+ $5)
17... Kg8 18. O-O-O $40) 13. f3 (13. O-O $5) 13... Nc5 14. e4 (14. Bxf5 gxf5
15. Nxf5 dxe3 $13) 14... Nxd3+ 15. Qxd3 Qe5 16. O-O Bd7 17. f4 Qe7 18. Nf3 $14)
11. Nd2 (11. Bd2 Nxd2) (11. b4 Nxb4 12. axb4 Qxa1) 11... Nxd2 $6 (11... Nd6 12.
b4 $1 Nxb4 (12... Qd5 13. Qc5 $36) 13. Qc3 Nc6 14. Qxa5 Nxa5 15. dxe5 Nf5 16.
Bb2 Be6 17. e4 Ne7 18. Bc3 Nec6 19. f4 g6 20. Be2 O-O-O 21. Kf2 b6 22. g4 $16 {
E.Vladimirov - Yudasin, Tilburg, 1994}) (11... Bf5 $5 12. b4 Nxb4 13. Qb3 (13.
Qb2 Nc6 (13... Nd5 14. f3 Nec3 15. e4 (15. Nc4 Qa4 $13) 15... exd4 $13)) 13...
Nc6 (13... Nc2+ $2 14. Qxc2 Ng3 15. e4 $1 Bxe4 16. Qc5 Qxc5 17. dxc5 Nxh1 18.
Nxe4 $18) (13... Nxd2 14. Bxd2 Nc2+ 15. Qxc2 $18) (13... Ng3 14. e4 Nxh1 15.
exf5 $16) (13... Nd5 14. f3 $1) (13... c5 14. dxc5 (14. f3 Ng3 $13) 14... Nc6
$13) 14. Qxb7 Qc3 $5 $13) 12. Bxd2 Qd5 13. dxe5 Nxe5 (13... Qxe5 14. Bc3 Qg5
15. Qe4+ Be6 16. f4 Qg4 17. Be2 $16) 14. e4 (14. Rd1 Bg4 (14... O-O $2 15. Bb4
$18) 15. f3 Nxf3+ $1 16. gxf3 Qxf3 (16... Bxf3) 17. Rg1 Qxd1+ 18. Qxd1 Bxd1 19.
Kxd1 O-O $13) (14. Bc3 O-O 15. Rd1 Qc6) (14. Qxc7 O-O $44 (14... Nd3+ $6 15.
Bxd3 Qxd3 16. Bb4 $40)) 14... Qc6 15. Rc1 $6 (15. Qxc6+ Nxc6 16. Rc1 $16) 15...
Qg6 $1 16. Bf4 Nc6 17. f3 O-O 18. Bd3 (18. Bxc7 Be6 19. Bg3 Rac8 $132) 18...
Be6 19. O-O Rac8 20. Rfd1 Rfd8 21. Bf1 Nd4 22. Qf2 c5 23. Rc3 Nb3 $6 (23... Qf6
$5 24. Be3 (24. Qg3 Qe7) 24... b6) 24. Rcd3 Rxd3 (24... Qf6 25. Qg3 Qe7 $2 (
25... Rxd3 26. Rxd3 Qxb2 $2 27. Be5 $18) 26. Bh6 $1 g6 27. Qe5 $18) 25. Rxd3 f6
(25... Bc4 26. Rd6) (25... Nd4 $5) 26. Rd6 Qf7 27. Qe3 h6 28. Qc3 c4 (28... Nd4
29. b4 b6 30. Ba6 $36) 29. Be3 b6 30. f4 Kh8 31. e5 (31. f5 Bd7 32. e5 (32. g4
Qe7) 32... fxe5 33. Qxe5 Re8 $13 (33... Qxf5)) 31... fxe5 (31... f5 $16) 32.
Qxe5 Re8 33. Bf2 Kh7 34. Qe4+ Kh8 35. h3 (35. Be2 Bd5 $5) 35... Nc5 (35... Bxh3
$2 36. Bxc4 $1 $18) (35... Na5 $5) 36. Bxc5 bxc5 37. Qe5 Kh7 (37... Bxh3 $2 38.
Rxh6+ Kg8 39. Qxe8+ $1 Qxe8 40. Bxc4+ Kf8 41. Rh8+ Ke7 42. Rxe8+ Kxe8 43. gxh3
$18) 38. Qe4+ Kh8 39. Qe5 Kh7 40. Qe4+ Kh8 41. Be2 Bxh3 (41... Bd5 42. Qxd5
Qxd5 43. Rxd5 Rxe2 44. Rxc5 Rxb2 45. Rxc4 $16) 42. Bxc4 (42. Qxc4 $2 Qe7 $1)
42... Qf8 $2 (42... Rxe4 $142 43. Bxf7 Bf5 (43... Bg4 44. Bg6 $1 Rd4 (44...
Re1+ 45. Kh2 Rd1 46. Ra6 Rd7 47. Kg3 $16) 45. Rxd4 cxd4 46. Kf2 Kg8 47. Ke1 Kf8
48. Kd2 Ke7 49. Kd3 Kf6 50. Be4 $16) 44. g3 Rd4 $14) (42... Qh5 43. Qd5) 43.
Qd3 (43. Qd5 Qxf4 44. Rd8 (44. gxh3 $2 Qg3+ $19) 44... Qe3+ $1 45. Kh2 Bg4 $11)
43... Bg4 (43... Qxf4 44. gxh3 (44. Rd8 Rxd8 45. Qxd8+ Kh7 46. Qg8+ Kg6 47.
Qe8+ Kg5 $13) 44... Re1+ (44... Qg5+ 45. Kh2 Qe5+ 46. Kg2 Qg5+ (46... Qxb2+ 47.
Qd2 Qxa3 $2 48. Rxh6+ $1 $18) 47. Qg3) 45. Kg2 Qg5+ 46. Kf3 $1 Qh5+ 47. Kf2
Qh4+ 48. Qg3 $18) (43... Bf5 $5 44. Qd2 Be4) (43... Re1+ 44. Kf2) 44. Qd2 Qe7
45. Rd5 Rc8 (45... Qe1+ 46. Qxe1 Rxe1+ 47. Kf2 Re4 $2 48. Rd8+ Kh7 49. Bd3 $18)
(45... Qh4 46. Rxc5 Re1+ 47. Bf1 Be2 $2 48. Rc8+ Kh7 49. Qc2+ g6 50. Qc7+ $18)
46. Re5 Qf6 47. Qe3 Bd7 48. Re7 Bc6 (48... Rd8 $2 49. Rxd7 $18) 49. Re6 Qd8 (
49... Qxb2 $2 50. Rxc6 $18) 50. Qe5 Qd4+ (50... Kh7 51. Qf5+ Kh8 52. Bd3 Qg8
53. Qe5 $18) 51. Qxd4 cxd4 52. Rd6 g5 (52... Bxg2 53. Be6 (53. Ba6 Rb8) 53...
Rc6 (53... Rc2 54. Rd8+ Kh7 55. Bf5+ $18) 54. Rd8+ Kh7 55. Bg8+ (55. f5) 55...
Kg6 56. Kxg2 $18) 53. Be6 Rc7 54. f5 Kg7 55. f6+ Kxf6 (55... Kg6 56. f7 Kg7 57.
Rd8 $18) 56. Bd5+ Ke5 57. Rxc6 Rd7 58. Bf3 d3 59. Kf2 1-0

[Event "St Petersburg-ch"]
[Site "St Petersburg"]
[Date "1996.??.??"]
[Round "6"]
[White "Ivanov, Sergey"]
[Black "Epishin, Vladimir"]
[Result "1/2-1/2"]
[WhiteElo "2515"]
[BlackElo "2620"]
[Annotator "Kantsler,B"]
[PlyCount "120"]
[EventDate "1996.04.??"]
[EventType "tourn"]
[EventRounds "13"]
[EventCountry "RUS"]
[EventCategory "11"]
[SourceTitle "CBM 056"]
[Source "ChessBase"]
[SourceDate "1997.02.01"]
[SourceVersion "1"]
[SourceVersionDate "1997.02.01"]
[SourceQuality "1"]

1. d4 Nf6 2. c4 e6 3. Nc3 Bb4 4. Qc2 d5 5. a3 Bxc3+ 6. Qxc3 Ne4 7. Qc2 c5 8.
dxc5 Nc6 9. cxd5 (9. Nf3 Qa5+ 10. Nd2 (10. Bd2 Nxd2 11. Nxd2 d4 12. g3 Qxc5 13.
b4 Qh5 14. c5 O-O 15. Bg2 e5 16. Nc4 Bf5 17. Be4 Bxe4 18. Qxe4 d3 19. Qxd3 a5
$2 (19... Nd4 {~/=}) 20. O-O axb4 21. axb4 Rxa1 22. Rxa1 Nxb4 23. Qe4 Nc6 24.
e3 $16 {Baburin,A-Sulipa,A/Ubeda op 1996}) 10... Nd4 11. Qd3 e5 12. b4 Qa4 13.
Ra2 Nxd2 14. Rxd2 $2 {>= Qd2} Bf5 15. Qe3 O-O-O 16. g4 Qc2 $1 $19 {Bareev,
E-Ivanchuk,V/Novogrod 1994 0:1 31;}) 9... exd5 10. Nf3 Qa5+ $5 (10... Bf5 11.
b4 O-O 12. Bb2 b6 13. b5 bxc5 14. bxc6 Rb8 15. O-O-O $1 Nxf2 16. Qxf5 Nxd1 17.
c7 $1 Qxc7 18. Be5 Ne3 19. Bxc7 Nxf5 20. Bxb8 Rxb8 21. Ne1 $14 {Nadanian,
A-Yegiararian,A/Armenia 1994}) 11. Bd2 Qxc5 12. Qxc5 Nxc5 13. Rd1 Be6 14. e3
O-O 15. Bb5 Rfd8 16. O-O Rac8 17. Bc3 $14 a6 18. Be2 h6 19. h3 Rd7 20. Bd4 $5 (
20. Nd4 Na4 21. Rc1 Rdc7 $15) 20... Nb3 $5 (20... Nxd4 $6 21. Nxd4 $16) 21. Bb6
Ne7 22. Nd4 Nxd4 23. Bxd4 Nf5 24. Bc3 Nd6 $1 25. Bd3 f6 26. f3 Kf7 27. Rfe1
Rdc7 28. Kf2 Rc6 29. Re2 $6 (29. g4 $5 {/\ Rg1, h4, g5 |^}) 29... Nc4 {/\ Na3}
30. Bd4 Nd6 $1 (30... Ne5 31. Bb1 $14) 31. a4 (31. Bc3 Nc4 {; 31.Ree1 Nb5 +/=}
32. Ree1) 31... Rc1 32. Rxc1 Rxc1 33. Rc2 Rxc2+ 34. Bxc2 Bf5 35. Bb3 Nc4 36. e4
Be6 37. exd5 Bxd5 38. Bc2 Ke6 39. h4 Na5 40. Bh7 Kd6 41. b4 Nb3 (41... Nc6 $2
42. Bc5+ Ke6 43. Bg8+ Ke5 44. Bxd5 Kxd5 45. Bf8 {+/-}) 42. Bc3 b6 43. Ke3 a5
44. bxa5 bxa5 45. Kf4 Be6 46. h5 Bd7 47. Bg8 Nc5 (47... Bxa4 $6 48. Kf5 Ke7 49.
Kg6 Kf8 50. Kh7 {+/=}) 48. Bxa5 Bxa4 49. Bb4 (49. Kf5 Bc2+ $11) 49... Bd7 50.
Ke3 Kc6 51. Kd4 Ne6+ 52. Bxe6 Bxe6 53. Bf8 Bf7 54. Bxg7 (54. g4 g6 $11) 54...
Bxh5 55. Bxf6 Bg6 56. Bg7 h5 57. Ke5 Kd7 58. Kf6 Bd3 59. Kg5 Bf1 60. g3 Be2
1/2-1/2

[Event "EU-ch 11th"]
[Site "Rijeka"]
[Date "2010.03.09"]
[Round "4"]
[White "Lysyj, Igor"]
[Black "Sargissian, Gabriel"]
[Result "1/2-1/2"]
[WhiteElo "2615"]
[BlackElo "2675"]
[Annotator "Krasenkow,M"]
[PlyCount "50"]
[EventDate "2010.03.06"]
[EventType "swiss"]
[EventRounds "11"]
[EventCountry "CRO"]
[SourceTitle "CBM 136"]
[Source "ChessBase"]
[SourceDate "2010.05.18"]
[SourceVersion "1"]
[SourceVersionDate "2010.05.18"]
[SourceQuality "1"]

1. d4 Nf6 2. c4 e6 3. Nc3 Bb4 4. Qc2 d5 5. a3 Bxc3+ 6. Qxc3 Ne4 7. Qc2 c5 8.
dxc5 Nc6 9. cxd5 exd5 10. Nf3 Qf6 11. e3 Bg4 12. Be2 O-O {According to theory,
Black's developmental advantage compensates for his material deficit. The
present game confirms that assessment.} 13. Bd2 $5 (13. O-O Rfe8 14. h3 (14.
Bd2 d4 15. Rad1 Nxd2 16. Qxd2 Rad8 17. Qc1 d3 18. Rxd3 Rxd3 19. Bxd3 Bxf3 20.
gxf3 Ne5 21. Be4 Nxf3+ 22. Bxf3 Qxf3 23. Qd1 Qf5 $44 {0-1 Bareev,E (2683)
-Ivanchuk,V (2741)/Havana 2006/CBM 116 (38)}) (14. Rb1 d4 15. Nxd4 Nxd4 16.
exd4 Bxe2 17. Qxe2 Nc3 18. Qxe8+ Rxe8 19. bxc3 b6 $13 {1-0 Zhou Jianchao (2612)
-Aveskulov,V (2544)/Beijing 2008/CBM 126 Extra (51)}) 14... Bh5 (14... Bf5 $5
15. Qd1 Rad8 16. Nd4 Nxc5 17. Nxf5 Qxf5 18. b4 Ne6 19. Bb2 d4 20. Bd3 Qg5 21.
f4 Qh6 $11 {1-0 Koneru,H (2572)-Sethuraman,S (2380)/Abu Dhabi 2007/CBM 119 ext
(33)}) 15. Bd2 (15. Rb1 Rad8 16. b4 Nc3 17. Bb2 Nxe2+ 18. Qxe2 d4 19. Rfe1 Qf5
20. e4 Bxf3 21. Qxf3 Qxf3 22. gxf3 Ne5 23. Kg2 Nc4 $44 {1/2 Monacell,J (2466)
-Claridge,J (2374)/Lechenicher SchachServer 2008/Telechess CBM 133 (48)}) 15...
Ne5 $1 (15... Rad8 $6 16. Rae1 $1 Ne5 17. Nxe5 Bxe2 18. Rxe2 Rxe5 19. Be1 Qa6
20. b4 $16 {1/2 Vorobiov,E (2616)-Maletin,P (2585)/Dagomys RUS 2010/The Week
in Chess 804 (44)}) 16. Nd4 Bxe2 17. Nxe2 Qg6 18. Nd4 Rac8 $36) 13... Rac8 (
13... Rfe8 14. Bc3 Qe7 $5 (14... Nxc3 $143 15. Qxc3 $1 (15. bxc3 Qe7 16. O-O
Qxc5 $11 {0-1 Krush,I (2452)-Hou,Y (2578)/Beijing 2008/CBM 126 Extra (37)})
15... Qxc3+ 16. bxc3 Rac8 17. Rb1 Nd8 18. Kd2 Re7 19. Rb4 Be6 20. Nd4 Rxc5 21.
a4 $14 {1-0 Karpov,A (2668)-Georgiev,K (2660)/Valjevo 2007/CBM 119 (62)}) 15.
O-O Qxc5 16. Rac1 Rad8 17. Rfd1 Nxc3 18. Qxc3 Qxc3 19. bxc3 Ne5 $11 {1-0
Valuet,B (2303)-Gaponenko,I (2458)/Differdange 2007/CBM 119 ext (52)}) (13...
Rfc8 $5 14. Bc3 {1/2 Drozdovskij,Y (2603)-Landa,K (2627)/Dagomys 2009/CBM 129
Extra}) (13... Ne5 $6 14. Bc3 Nxc3 15. Nxe5 $1 $16) 14. O-O $6 (14. Bc3 $142
$11) 14... Ne5 $1 $146 {[%mdl 8] Quite an obvious novelty, after which Black
seizes the initiative, although he had little problems in the previous game:} (
14... b6 $5 15. Bc3 Nxc3 16. Qxc3 Qxc3 17. bxc3 bxc5 18. Rfd1 Be6 19. Ng5 h6
20. Nxe6 fxe6 21. Rab1 Rb8 22. Rb5 Rxb5 23. Bxb5 Ne5 24. f4 Rb8 $1 $132 {
1/2 Hillarp Persson,T (2567)-Hammer,J (2412)/Copenhagen 2007/CBM 119 ext (73)})
15. Nxe5 Bxe2 16. Nd7 Qa6 $1 17. Nxf8 (17. Rfe1 $2 Rfe8 {[%csl Rd7]}) 17... Bd3
$1 18. Qd1 Bxf1 19. Qxf1 Qxf1+ 20. Rxf1 Nxd2 21. Rd1 Rxc5 {[%mdl 4096]} 22. Nd7
Rc2 23. b4 b6 $6 (23... f6 $142 $1 {preventing the knight exchange, e.g.} 24.
Nc5 b6 25. Ne6 Kf7 26. Nd4 (26. Nf4 g5 $1 27. Nxd5 Ke6 {- that is what Black
probably missed -} 28. e4 Nxe4 29. f3 Nc3 30. Nxc3 Rxc3 $17 {_|_}) 26... Ra2
$15) 24. Ne5 f6 25. Nf3 Nxf3+ (25... Ne4 26. h3 Nc3 27. Rd3 $11) (25... Nxf3+
26. gxf3 Rc3 27. Rxd5 Rxa3 28. b5 $11) 1/2-1/2

[Event "EU-ch 8th"]
[Site "Dresden"]
[Date "2007.04.05"]
[Round "3"]
[White "Drozdovskij, Yuri"]
[Black "Almasi, Zoltan"]
[Result "0-1"]
[WhiteElo "2562"]
[BlackElo "2669"]
[Annotator "Krasenkow,M"]
[PlyCount "102"]
[EventDate "2007.04.03"]
[EventType "swiss"]
[EventRounds "11"]
[EventCountry "GER"]
[SourceTitle "CBM 118"]
[Source "ChessBase"]
[SourceDate "2007.05.31"]
[SourceVersion "1"]
[SourceVersionDate "2007.05.31"]
[SourceQuality "1"]

1. d4 Nf6 2. c4 e6 3. Nc3 Bb4 4. Qc2 d5 5. a3 Bxc3+ 6. Qxc3 Ne4 7. Qc2 c5 8.
dxc5 Nc6 9. e3 Qa5+ 10. Bd2 Qxc5 {This old move was last examined in CBM 70 by
GM V.Golod.} (10... Nxd2 {is the main line.}) 11. b4 Qe7 12. Bc1 $6 {An
ambitious move. White keeps the bishop pair at the price of a delay in
development. The present game shows that it is a wrong concept.} (12. Nf3 {
is absolutely harmless.}) 12... a5 $1 {The most energetic way to exploit
Black's development advantage. Other options seen in practice (mostly long ago)
:} (12... Bd7 13. Bb2 Rc8 14. Nf3 f5 15. Qb3 dxc4 (15... O-O $142 $1) 16. Bxc4
a6 17. O-O Nd6 18. Be2 e5 19. Rac1 Be6 20. Qd1 Bd7 21. Rc2 e4 22. Nd2 (22. Ng5
$1) 22... O-O 23. Nb3 $14 {1-0 Preinfalk,A-Kazic,B/Novi Sad 1945/HCL (55)}) (
12... O-O 13. Nf3 Bd7 (13... Ng5 14. Bb2 dxc4 15. Nd2 e5 16. h4 Ne6 17. Nxc4 f6
18. Bd3 h6 19. Rd1 Kh8 20. Be4 Rd8 21. O-O Rd7 22. b5 Ncd8 23. a4 Nc5 24. Ba3
Nde6 25. Rxd7 Qxd7 26. Nxe5 fxe5 27. Bxc5 {1-0 Khenkin,I-Landenbergue,C/Geneve
SUI 2007/CBM116 ext}) 14. Bd3 f5 15. O-O (15. Bb2 Rac8 16. Qb3 $6 (16. O-O)
16... a5 17. cxd5 exd5 18. Nd4 Kh8 19. Nxc6 Bxc6 20. b5 Bd7 21. Qxd5 Rfd8 22.
Bxe4 Rc5 23. Qa2 Qxe4 24. O-O Be6 25. Qb1 Rc2 26. Bc1 Bc4 27. Re1 Bd5 {0-1
Lapse,A-Buczinski,H/ICCF 2002/ICCF Telechess CBM 112}) 15... Rac8 16. Qa2 (16.
Bb2 $5) 16... dxc4 17. Bxc4 Rfd8 18. Bb2 b5 19. Bb3 a5 20. Rad1 Re8 21. bxa5
Nxa5 22. Ne5 Bc6 23. Nxc6 Rxc6 24. Rc1 Rxc1 25. Rxc1 Nc5 26. Bc2 Nc4 27. Bc3
$14 {1/2-1/2 Alatortsev,V-Kan,I/Leningrad 1934/URS-ch (91)}) 13. b5 Ne5 14. Bb2
Ng4 15. Nh3 O-O $1 $146 {[%mdl 8] The most natural move.} (15... Qh4 16. g3 Qh6
17. Qe2 Ngf6 18. Nf4 O-O 19. Bg2 dxc4 $2 (19... g5 $5 $13) 20. Qxc4 Nd6 21. Qd3
Rd8 22. Rd1 Nfe8 23. O-O $16 {1-0 Riumin,N-Capablanca,J/Moscow 1935/HCL (29)})
(15... Ngf6 $5 16. Be2 (16. f3 $5 Nc5 17. Nf4) 16... O-O 17. Nf4 Bd7 18. cxd5
Rfc8 19. Qd1 e5 20. d6 Nxd6 21. Nd5 Nxd5 22. Qxd5 Be6 23. Qxe5 f6 24. Qd4 Rc2
$36 {0-1 Baturinsky,V-Romanovsky,P/Moscow 1945/HCL (34)}) 16. Be2 (16. f3 {
wins a piece but leads to a poor position after} Nxe3 17. Qb3 d4 $1 18. fxe4 (
18. Bxd4 Qh4+ 19. g3 Nxg3) 18... e5 19. Nf2 a4 20. Qd3 Be6 21. Rc1 Rac8 $17 {
[%csl Re1]}) 16... e5 $1 {[%csl Rh3] Black restricts White's h3 knight and
then exchanges it destroying White's pawn structure. His knights will not be
weaker than White's bishops.} 17. cxd5 Ngf6 18. Bd3 Nd6 19. O-O Bxh3 20. gxh3
Rac8 21. Qe2 e4 22. Bc2 Nxd5 23. Rad1 Nc3 24. Bxc3 Rxc3 25. a4 (25. Qd2 Nxb5
26. a4 Rfc8 $1) 25... Nf5 (25... Rfc8 $5) 26. Qg4 Nh4 $6 (26... Nxe3 $5 27.
fxe3 Rxc2 28. Rd7 Qe5 29. Qf4 Qxf4 30. Rxf4 Rc4 31. Rxb7 Rxa4 $17 {_|_}) 27.
Bb1 $2 {A premature capitulation.} (27. Rd7 Nf3+ 28. Kh1 Qf6 29. Bb1 (29. Bxe4
$2 Ne5) 29... Rc4 $17) (27. Qxe4 $142 $1 Qg5+ 28. Kh1 Rxc2 29. Rd4 $1 {the
point!} Nf5 30. Qxc2 Nxd4 31. exd4 Qd5+ 32. Kg1 Qxd4 $15 {and White can fight
on.}) 27... f5 $19 {[%csl Rb1,Rg1,Gh4]} 28. Qg3 Ra3 (28... f4 29. Qg4 Nf3+ 30.
Kh1 fxe3 {[%cal Re3e2]} 31. fxe3 Rxe3 $19) {After the text move Black
gradually wins, too.} 29. Rc1 Nf3+ 30. Kh1 Ne5 31. b6 Nc6 32. Rcd1 Rxa4 33. f3
exf3 34. Qxf3 g6 35. e4 Ra3 36. Qg2 f4 37. Ba2+ Kg7 38. Qb2+ Kh6 39. Bd5 Rxh3
40. Qd2 Qe5 41. Rb1 a4 42. Qg2 Rh4 43. Rf3 Rf6 44. Rh3 Qh5 45. Rxh4 Qxh4 46. e5
Nxe5 47. Bxb7 f3 48. Qd2+ g5 49. Bd5 f2 50. Bg2 Ng4 51. h3 Qg3 0-1